000 01263nam0a22003011 4500
001 rc\3305397
005 20260406154123.0
021 _aRU
_b76-3900
021 _aRU
_bРг2726-76
035 _a(NLR Aleph) 007411288
090 _a6818223
_c6818223
100 _a20130115d1974 |||y0rusy50 ca
101 0 _arus
102 _aRU
105 _ay z |||||
200 1 _aДидактический материал по русскому языку для IV класса башкирской школы
_eПособие для учителя
210 _aУфа
_cБашк. кн. изд-во
_d1974
215 _a263 с.
_d22
300 _aНа обороте тит. л. авт.: Л.Г. Саяхова, А.Б. Ишемгулова, Р.В. Альмухаметов [и др.]
532 1 1 _aДидактический материал по русскому языку для четвертого класса башкирской школы
701 1 _aИшемгулова
_bА.Б.
701 1 _aАльмухаметов
_bР.В.
701 1 _8rus
_7ca
_aСаяхова
_bЛ. Г.
_f1931-
_gЛена Галеевна
_3RU\NLR\auth\776832
_9116779
801 0 _aRU
_bNLR
_gpsbo
801 1 _aRU
_bELAR
_2rusmarc
852 _aNLR
_j76-5/668
942 _cBOOK
980 _aNB